Visualizzazione normale
Vista MARC
- Kramer Gorni
di Personal Name
Records bibliografici associati: 1
001 - CONTROL NUMBER
- control field: 3500
003 - CONTROL NUMBER IDENTIFIER
- control field: IT-RoPau
005 - DATE AND TIME OF LATEST TRANSACTION
- control field: 20131125151239.0
008 - FIXED-LENGTH DATA ELEMENTS
- fixed length control field: 131125|| aca||aabn | a|a d
040 ## - CATALOGING SOURCE
- Original cataloging agency: IT-RoPau
- Transcribing agency: IT-RoPau
100 ## - HEADING--PERSONAL NAME
- Personal name: Kramer Gorni
- Miscellaneous information: Codice autore testo/musica SPICS: 11552
- Relator term: Autore testo/musica
- Name of part/section of a work: Nella vecchia fattoria - In un palco della Scala - Donna - Raggio di sole
670 ## - SOURCE DATA FOUND
- Source citation: Work cat.: (IT-RoPau)100124: AA.VV. 794, Tornano i Cetra